00917nam a2200265Ia 450000500170000000800410001702000150005804100080007310000260008124500800010725000310018730000320021849000460025065000440029665000320034065000310037265000360040370000300043926400470046933600270051633700330054333800280057604000350060408400120063920220316235442.0121119s2004 ck a gr 000 0 spa  a95805045710 aspa1 aUhia Pinilla, Agustin10aMitos y leyendas colombianas cAgustin Uhia ; ilustraciones de Alma Arriaga aDécima tercera edición a32 páginasbilustraciones0 aBiblioteca de apoyo escolar y comunitario14aAnimales mitológicos xLeyenda 2LEMB14aLeyendas colombianas 2LEMB14aLiteratura infantil 2LEMB14aPersonajes mitológicos 2LEMB1 aArriaga, Almadilustrador aBogotábEducar Cultural Recreativac2004 atextobtxt2rdacontent asin mediaciónbn2rdamedia avolumenbnc2rdacarrier aCO-BoRNBPbspaerdacCO-BoRNBP aLM UHI1